Повышение качества санитарно-строительной керамики; Резервы производства строительных материалов

Bibliografiske detaljer
Parent link:Резервы производства строительных материалов.— 1997.— С. 46
Andre forfattere: Погребенков В. М. Валерий Матвеевич, Верещагин В. И. Владимир Иванович, Решетников А. А., Костиков К. С.
Summary:Исследовали влияние диопсидсодержащего сырья Слюдянского месторождения (Иркутская обл.) на свойства фаянсовых (полуфарфоровых) масс Ангарского керамического завода. Керамическая масса включала два типа глин (38 %), каолин (22 %), кварц-полевошпатовое сырье (24 %), кварц. песок (11 %), череп (5 %). В опытные массы диопсид вводили в количестве 5-20 % за счет уменьшения кварц-полевошпатового сырья и полной или частичной замены кварцевого песка, при этом содержание глинистых не изменяли. Установлено, что введение диопсида даже при меньшем содержании плавня по сравнению с заводским составом интенсифицирует спекание, снижая температуру обжига на 30-50 °С. Прочность образцов из экспериментальных масс больше, чем прочность образцов из заводской массы, обожженных при той же температуре. Введение диопсида в состав масс для изготовления санстройизделий позволяет перевести их по свойствам из класса полуфарфоровых в фарфоровые
В фонде НТБ ТПУ отсутствует
Sprog:russisk
Udgivet: 1997
Fag:
Format: MixedMaterials Book Chapter
KOHA link:https://koha.lib.tpu.ru/cgi-bin/koha/opac-detail.pl?biblionumber=595941

MARC

LEADER 00000naa0a2200000 4500
001 595941
005 20250318145819.0
035 |a (RuTPU)RU\TPU\tpu\17845 
035 |a RU\TPU\tpu\17843 
090 |a 595941 
100 |a 20100723d1997 k y0rusy50 ca 
101 0 |a rus 
102 |a RU 
200 1 |a Повышение качества санитарно-строительной керамики  |f В. М. Погребенков [и др.] 
330 |a Исследовали влияние диопсидсодержащего сырья Слюдянского месторождения (Иркутская обл.) на свойства фаянсовых (полуфарфоровых) масс Ангарского керамического завода. Керамическая масса включала два типа глин (38 %), каолин (22 %), кварц-полевошпатовое сырье (24 %), кварц. песок (11 %), череп (5 %). В опытные массы диопсид вводили в количестве 5-20 % за счет уменьшения кварц-полевошпатового сырья и полной или частичной замены кварцевого песка, при этом содержание глинистых не изменяли. Установлено, что введение диопсида даже при меньшем содержании плавня по сравнению с заводским составом интенсифицирует спекание, снижая температуру обжига на 30-50 °С. Прочность образцов из экспериментальных масс больше, чем прочность образцов из заводской массы, обожженных при той же температуре. Введение диопсида в состав масс для изготовления санстройизделий позволяет перевести их по свойствам из класса полуфарфоровых в фарфоровые 
333 |a В фонде НТБ ТПУ отсутствует 
463 |t Резервы производства строительных материалов  |o материалы международной научно-технической конференции  |h Ч. 2  |v С. 46  |d 1997 
610 1 |a труды учёных ТПУ 
701 1 |a Погребенков  |b В. М.  |c российский учёный в области физики высоких технологий  |c профессор Томского политехнического университета  |g Валерий Матвеевич  |3 (RuTPU)RU\TPU\pers\26404 
701 1 |a Верещагин  |b В. И.  |c химик-технолог  |c профессор Томского политехнического университета, доктор технических наук  |f 1942-  |g Владимир Иванович  |3 (RuTPU)RU\TPU\pers\19774  |9 7712 
701 1 |a Решетников  |b А. А. 
701 1 |a Костиков  |b К. С. 
801 1 |a RU  |b 63413507  |c 20100722 
801 2 |a RU  |b 63413507  |c 20100723  |g RCR 
942 |c BK